00672nam a2200241 a 4500001001300000003000900013005001700022008004100039020001000080082001500090100001300105245004100118260004200159300000900201500003500210505002400245650002000269700001300289902000800302942000700310952009600317999001700413nice12345678IN_TiNIC20260116013517.0050524s1970 dela grp 000 0 eng  ac25000a954.6bRAY aRay, S C aEarly History and Culture of Kashmir aDelhibMunshiram Manoharlal Pubc1970 a288p aincludes index and biblioraphy2 aBibliography, Index aKashmir-History1 aRay, S C bSRS cBK 00104070aHMIbHMId2013-02-15g250.00l0o954.6 RAYp018165r2013-02-15w2026-01-16yEB c11275d11275